000 00560nam a22001697a 4500
003 OSt
005 20260324155303.0
008 260324b |||||||| |||| 00| 0 eng d
040 _cMRSPTU
041 _aEnglish
100 _aTangum, Supervisor: Dr. Ashish Baldi
245 _aDevelopment of Herbo-Mineral Formulations as Nutritional Supplement for Women
260 _bDepartment of Pharmacy, MRSPTU, Bathinda
_c2020
650 _aPharmaceutical Sciences and Technology
856 _uhttp://163.47.215.52:8080/jspui/handle/123456789/86
942 _2ddc
_cTH
_n0
999 _c11238
_d11238